000 00991nam0a2200253 4500
001 RU\NLR\BIBL_A\022475465
005 20250806205159.0
035 _a(NLR Aleph) 022475465
090 _a86524
_c86524
100 _a20250228d1941 u y0rusy50 ca
101 0 _aaze
_crus
102 _aAZ
105 _ac z 000 y
200 1 _aМ. В. Ломоносов
_eһәjат вә jарадыҹылығы
_fЯ. Г. Дорфман, проф.
_g[ред. М. Бабаев, тәрҹ. М. Мирзәбабалы]
210 _aБаки
_cЕА АзФ
_d1941
215 _a74,[1] c.
_d16
225 1 _aЕлми- популjар сер.
541 1 _aМ. В. Ломоносов
_zrus
700 1 _aДорфман
_bЯ. Г.
_f1898-1974
_gЯков Григорьевич
_4070
702 1 _aЛомоносов
_bМ. В.
_f1711-1765
_gМихаил Васильевич
_3RU\NLR\auth\772859
_4070
942 _cBOOK
945 _aРоссийская национальная библиотека
980 _aBV